00357nam a2200133Ia 4500008004100000041000800041082001500049100003800064245002600102260005500128300001500183365001100198650001400209210719s1974 xx 000 0 und d aeng a629.4 ORDD aORDWAY III (Frederick I) & others aDividends from space. aNDbTata McGraw-Hill Publishing Company Ltd.c1974 axi,309bHB b15cRs aAstronomy